| 000 | 00693nam a22001937a 4500 | ||
|---|---|---|---|
| 010 | _a1718CH-EN | ||
| 020 |
_a9780143427919 _c250.00 |
||
| 035 | _aB-673134-152 | ||
| 037 |
_aDPL _bBSB |
||
| 082 | _aS | ||
| 100 | _aDalal, Deepak | ||
| 245 |
_aA flamingo in my garden / _cby Deepak Dalal; illustrated by Lavanya Naidu |
||
| 260 |
_aGurgaon _bPuffin Book _c2016 |
||
| 270 |
_a7th Floor, Infinity Tower C, DLF Cyber City, _bGurgaon _e122002 |
||
| 300 |
_a96p. _c19cm(pbk) |
||
| 700 | _aNaidu, Lavanya | ||
| 942 |
_2ddc _cCH _mDAL _hS |
||
| 999 |
_c141670 _d141670 |
||